PYTHON PROGRAMMING A MODULAR APPROACH (Record no. 18285)

MARC details
000 -LEADER
fixed length control field 00343nam a22001577a 4500
003 - CONTROL NUMBER IDENTIFIER
control field SGT
020 ## - INTERNATIONAL STANDARD BOOK NUMBER
International Standard Book Number 9789332585348
082 ## - DEWEY DECIMAL CLASSIFICATION NUMBER
Classification number 005.1 TAN
100 ## - MAIN ENTRY--PERSONAL NAME
Personal name TANEJA ,SHEETAL
245 ## - TITLE STATEMENT
Title PYTHON PROGRAMMING A MODULAR APPROACH
250 ## - EDITION STATEMENT
Edition statement 4TH
260 ## - PUBLICATION, DISTRIBUTION, ETC. (IMPRINT)
Place of publication, distribution, etc UP
Name of publisher, distributor, etc PEARSON
Year of Publication 2019
300 ## - PAGE DESCRIPTION
No. of Pages 582
650 ## - SUBJECT ADDED ENTRY--TOPICAL TERM
Topical term or geographic name as entry element COMPUTER
942 ## - ADDED ENTRY ELEMENTS (KOHA)
Source of classification or shelving scheme Dewey Decimal Classification
Koha item type Books
942 ## - ADDED ENTRY ELEMENTS (KOHA)
-- 80
Holdings
Withdrawn status Lost status Source of classification or shelving scheme Damaged status Not for loan Collection code Home library Current library Shelving location Date acquired Vendor Name Cost, normal purchase price SGTU Bill Number Total Checkouts Total Renewals Full call number Accession No. (Barcode) Date last seen Date last borrowed Bill Date Koha item type Use restrictions
    Dewey Decimal Classification     ENGINEERING SGT Engineering Library SGT Engineering Library Text Book 13/06/2019 KIRTI PRAKASHAN 499.00 SGTU IN3435 30 1 005.1 TAN FE7146 25/09/2025 25/09/2025 29/03/2019 Books  
    Dewey Decimal Classification     ENGINEERING SGT Engineering Library SGT Engineering Library Text Book 13/06/2019 KIRTI PRAKASHAN 499.00 SGTU IN3435 35 5 005.1 TAN FE7147 06/11/2025 29/10/2025 29/03/2019 Books  
    Dewey Decimal Classification     ENGINEERING SGT Engineering Library SGT Engineering Library Text Book 13/06/2019 KIRTI PRAKASHAN 499.00 SGTU IN3435 31 1 005.1 TAN FE7148 10/03/2026 19/02/2026 29/03/2019 Books  
    Dewey Decimal Classification   Not For Loan ENGINEERING SGT Engineering Library SGT Engineering Library Reference Book 13/06/2019 KIRTI PRAKASHAN 499.00 SGTU IN3435 1   005.1 TAN FE7149 06/10/2023 22/09/2023 29/03/2019 Books Restricted Access
    Dewey Decimal Classification     ENGINEERING SGT Engineering Library SGT Engineering Library Text Book 13/06/2019 KIRTI PRAKASHAN 499.00 SGTU IN3435 22   005.1 TAN FE7150 26/06/2025 12/06/2025 29/03/2019 Books